000 00518nam a2200181Ia 4500
999 _c28908
_d28908
003 OSt
005 20210106104943.0
008 190216s9999||||xx |||||||||||||| ||und||
020 _a9788188011209
040 _coclc
082 _a894.812301
_bMAT/K
100 _aMattool, Mahmood
_96847
245 0 _aKhaleefa Kathakal /
_cMahmood Mattool
260 _bLipi Publications,
_aKozhikode:
_c2006.
300 _a56p
650 _aKathakal
942 _cBK
_2ddc
_h894.812301
_iMAT/K
_k894.812301
_mMAT/K